[Event "Umbria Regional-ch"]
[Site "Foligno"]
[Date "2009.06.06"]
[Round "5"]
[White "De Leo, Sara"]
[Black "Minelli, Francesco"]
[Result "0-1"]
[WhiteElo "1401"]
[BlackElo "1857"]
[PlyCount "90"]
[EventDate "2009.06.05"]
[EventType "swiss"]
[EventRounds "6"]
[EventCountry "ITA"]
[SourceTitle "EXT 2011"]
[Source "ChessBase"]
[SourceDate "2010.11.26"]
[SourceVersion "1"]
[SourceVersionDate "2010.11.26"]
[SourceQuality "1"]

1. e4 c5 2. Nc3 d6 3. f4 Nc6 4. Bb5 Bd7 5. d3 g6 6. Nf3 Bg7 7. 0-0 e6 8. Qe1 Nge7 9. Qh4 a6 10. Bc4 b5 11. Bb3 Nd4 12. Nxd4 cxd4 13. Ne2 0-0 14. f5 exf5 15. Bh6 Nc6 16. Qxd8 Raxd8 17. Bxg7 Kxg7 18. c3 dxc3 19. Nxc3 Nd4 20. Bd5 Nc2 21. Rac1 Ne3 22. Rf3 Nxd5 23. Nxd5 fxe4 24. dxe4 Be6 25. Nb4 a5 26. Nc6 Rc8 27. Rcc3 a4 28. Nd4 Rxc3 29. Nxe6+ fxe6 30. Rxc3 Kf6 31. Rc6 Ke5 32. Rb6 Kxe4 33. Rxd6 e5 34. Rb6 Ke3 35. Rxb5 e4 36. Rb4 Rd8 37. h3 Rd4 38. Rxd4 Kxd4 39. Kf2 Kd3 40. b3 Kd2 41. bxa4 e3+ 42. Kg1 e2 43. a5 e1Q+ 44. Kh2 Qe5+ 45. Kg1 Qxa5 0-1